This business of music (Record no. 15951)

MARC details
000 -LEADER
fixed length control field 00596nam a22001817a 4500
008 - FIXED-LENGTH DATA ELEMENTS--GENERAL INFORMATION
fixed length control field 160510b xxu||||| |||| 00| 0 eng d
020 ## - INTERNATIONAL STANDARD BOOK NUMBER
International Standard Book Number 0823077233
040 ## - CATALOGING SOURCE
Original cataloging agency KABU
Transcribing agency KABU
050 ## - LIBRARY OF CONGRESS CALL NUMBER
Classification number ML3790
Item number .K73 2007 c. 1
245 ## - TITLE STATEMENT
Title This business of music
Remainder of title the definitive guide to the music industry
Statement of responsibility, etc. M. William Krasilovsky...[et al.].
250 ## - EDITION STATEMENT
Edition statement 10 ed.
260 ## - PUBLICATION, DISTRIBUTION, ETC. (IMPRINT)
Place of publication, distribution, etc. New York
Name of publisher, distributor, etc. Watson-Guptill publications
Date of publication, distribution, etc. 2007
300 ## - PHYSICAL DESCRIPTION
Extent [xlviii], 510 p.
650 ## - SUBJECT ADDED ENTRY--TOPICAL TERM
Topical term or geographic name as entry element Music trade
Geographic subdivision United States
650 ## - SUBJECT ADDED ENTRY--TOPICAL TERM
Topical term or geographic name as entry element Music
General subdivision Economic aspects
700 ## - ADDED ENTRY--PERSONAL NAME
Personal name Krasilovsky, M. William ...[et al.].
942 ## - ADDED ENTRY ELEMENTS (KOHA)
Source of classification or shelving scheme Library of Congress Classification
Koha item type General Collection
Holdings
Withdrawn status Lost status Source of classification or shelving scheme Not for loan Home library Current library Shelving location Date acquired Cost, normal purchase price Total Checkouts Full call number Barcode Date last seen Copy number Price effective from Koha item type
    Library of Congress Classification   Kabarak, Main Campus Kabarak, Main Campus General Stacks 10/05/2016 2433.10   ML3790 .K73 2007 c. 1 026498 10/05/2016 c. 1 10/05/2016 General Collection
Designed with assistance from East African Informatics Ltd